| 000 | 00391nam a2200145Ia 4500 | ||
|---|---|---|---|
| 008 | 210430s9999 xx 000 0 und d | ||
| 020 | _a978-8126508273 | ||
| 082 | _a510 K 9211 A | ||
| 100 |
_a Erwin Kreyszig. _913321 |
||
| 245 |
_aAdvanced Engineering Mathematics / _c Erwin Kreyszig. |
||
| 250 | _a8th edition | ||
| 260 |
_aNew york _bWiley _c1999 |
||
| 300 | _a1156p | ||
| 942 |
_cBK _2ddc |
||
| 999 |
_c564098 _d564098 |
||